00833nam a2200193 a 450000100100000000500170001000800410002702000180006804000250008608200150011124500380012626000360016430000310020059000260023171000560025795201130031395201960042699900170062200002919720210420113209.0110414s2007 dr d r 000 0 spa d a9789280643565 aDO-SdBNPbspacBNPHU axxxxbI43d03aLa infancia dominicana en cifras. aSanto Domingo :bUNICEF,c2007. a87 p. :bgráf. ;c28 cm. aInventariado, 2019/BT aFondo de las Naciones Unidas para la Infancia99270 0010718PDaPDbPDcHDd2011-04-14iLF1l0oxxxx I43dp29197-10r2020-06-25w2020-06-25yLFPDZNo se presta 0010718PDaPDbPDcHDd2015-06-25iLF1l0oxxxx I43dp29197-20r2020-06-25te.2w2020-06-25yLFPDzPerteneció a la biblioteca personal de Chiqui Vicioso / Fidelio Despradel.ZNo se presta c28689d28689